NBA Cup All-Tournament Teams - Statistics

General Stats
  • This quiz has been taken 156 times
    80 since last reset
  • The average score is 7 of 13
Answer Stats
Year Player % Correct
2023 LeBron James
94%
2023, 2024 Giannis Antetokounmpo
85%
2024, 2025 Shai Gilgeous-Alexander
79%
2025 Jalen Brunson
78%
2023 Anthony Davis
75%
2025 Karl-Anthony Towns
63%
2025 Luka Dončić
57%
2024 Damian Lillard
54%
2023 Tyrese Haliburton
39%
2023 Kevin Durant
33%
2025 De’Aaron Fox
31%
2024 Trae Young
25%
2024 Alperen Sengun
10%
No matching quizzes found
Score Distribution
Percent of People with Each Score
Percentile by Number Answered
Your Score History
You have not taken this quiz since the last reset